[Event "AUS-ch U10"]
[Site "Wahroonga"]
[Date "2014.01.12"]
[Round "5"]
[White "Shen, Kevin Zhenyu"]
[Black "Lin, Emily"]
[Result "1-0"]
[WhiteElo "1137"]
[BlackElo "627"]
[PlyCount "39"]
[EventDate "2014.01.11"]
[EventType "swiss"]
[EventRounds "9"]
[EventCountry "AUS"]
[SourceTitle "EXT 2020"]
[Source "ChessBase"]
[SourceDate "2019.10.17"]
[SourceVersion "1"]
[SourceVersionDate "2019.10.17"]
[SourceQuality "1"]

1. d4 d5 2. c4 e6 3. Nc3 Nf6 4. Bg5 Be7 5. cxd5 exd5 6. Nf3 Nbd7 7. e3 c6 8. Qc2 0-0 9. Bd3 h6 10. Bh4 b6 11. 0-0 Bb7 12. Rfe1 Re8 13. Rac1 c5 14. Qe2 c4 15. Bb1 a6 16. a4 Ne4 17. Bxe7 Nxc3 18. Qc2 Rxe7 19. Qh7+ Kf8 20. Qh8# 1-0

[Event "AUS-ch U10"]
[Site "Wahroonga"]
[Date "2014.01.11"]
[Round "3"]
[White "Shen, Kevin Zhenyu"]
[Black "Leibert, Xander"]
[Result "0-1"]
[WhiteElo "1137"]
[BlackElo "730"]
[PlyCount "132"]
[EventDate "2014.01.11"]
[EventType "swiss"]
[EventRounds "9"]
[EventCountry "AUS"]
[SourceTitle "EXT 2020"]
[Source "ChessBase"]
[SourceDate "2019.10.17"]
[SourceVersion "1"]
[SourceVersionDate "2019.10.17"]
[SourceQuality "1"]

1. d4 Nf6 2. c4 g6 3. Nc3 Bg7 4. e4 d6 5. Nf3 0-0 6. Bg5 Nbd7 7. Be2 e5 8. d5 Qe8 9. Qd2 Nc5 10. Bd3 a5 11. 0-0-0 Nh5 12. h3 f5 13. Be3 b6 14. Bxc5 bxc5 15. Rdg1 f4 16. Qe2 Bf6 17. g4 fxg3 18. fxg3 Qf7 19. h4 Bg4 20. Qg2 Bxf3 21. Qh3 Bxh1 22. Rxh1 Kh8 23. Rf1 Qg7 24. Be2 Qh6+ 25. Kb1 Be7 26. Rg1 Qe3 27. Rg2 Rf2 28. Rxf2 Qxf2 29. Qd7 Bd8 30. Qe8+ Kg7 31. Bxh5 gxh5 32. Qd7+ Qf7 33. Qh3 Be7 34. Nb5 Rf8 35. Qd7 Bd8 36. Qc8 Qf1+ 37. Kc2 Qxc4+ 38. Nc3 Rf2+ 39. Kc1 Qf1+ 40. Nd1 Rf8 41. Qd7+ Kg8 42. Qe6+ Qf7 43. Qh6 Bxh4 44. gxh4 Qf4+ 45. Qxf4 Rxf4 46. Nc3 Rxh4 47. Kd2 Rh2+ 48. Ke3 Rxb2 49. Kf3 Kg7 50. Kg3 Kg6 51. Kh4 Rh2+ 52. Kg3 Rc2 53. Nb5 Rxa2 54. Nxc7 Kf7 55. Kh4 c4 56. Nb5 Ke7 57. Kxh5 a4 58. Kg4 Rb2 59. Kf3 Rxb5 60. Ke3 h5 61. Ke2 h4 62. Ke3 a3 63. Ke2 a2 64. Ke3 a1Q 65. Ke2 Rb2+ 66. Ke3 Qa3# 0-1